000
00302nam a2200121Ia 4500
008
190902s9999||||xx |||||||||||||| ||und||
020
_a
978-81-224-2721-9
100
_a
Niels Noorderhaven
245
0
_a
Strategic Decision Making
260
_a
India
_b
The McGraw-Hill
_c
1995
300
_a
250
942
_c
BK
999
_c
2771
_d
2771